Analyzing the Threshold Relationship between Public Debt and Economic Growth in New EU Member States from Central and South Eastern Europe
Tento článok skúma vzťah medzi verejným dlhom a ekonomickým rastom v 11 nových členských štátoch EÚ (NČŠ) zo strednej a juhovýchodnej Európy v období rokov 2000 – 2021. Skúmame potenciálny nelineárny (kvadratický) charakter tohto vzťahu v kontexte týchto rôznych krajín s rôznym ekonomickým, inštituc...
Guardado en:
| Autor principal: | |
|---|---|
| Otros Autores: | , |
| Formato: | Capítulo de libro |
| Lenguaje: | inglés |
| Materias: | |
| Etiquetas: |
Sin Etiquetas, Sea el primero en etiquetar este registro!
|
MARC
| LEADER | 00000naa a2200000 4500 | ||
|---|---|---|---|
| 001 | 0307615 | ||
| 005 | 20250313080840.8 | ||
| 041 | 0 | |a eng | |
| 044 | |a SK | ||
| 245 | 1 | 0 | |a Analyzing the Threshold Relationship between Public Debt and Economic Growth in New EU Member States from Central and South Eastern Europe |c Mihail Petkovski, Aleksandar Stojkov, Jordan Kjosevski |
| 520 | |a Tento článok skúma vzťah medzi verejným dlhom a ekonomickým rastom v 11 nových členských štátoch EÚ (NČŠ) zo strednej a juhovýchodnej Európy v období rokov 2000 – 2021. Skúmame potenciálny nelineárny (kvadratický) charakter tohto vzťahu v kontexte týchto rôznych krajín s rôznym ekonomickým, inštitucionálnym a finančným zázemím. Z dôvodu ich heterogenity ich rozdeľujeme do troch homogénnejších podskupín: krajiny juhovýchodnej Európy, Pobaltia a Vyšehradskej štvorky. | ||
| 610 | 2 | 0 | |a dlhy |
| 610 | 2 | 0 | |a dlhy štátne |
| 610 | 2 | 0 | |a rast hospodársky |
| 610 | 2 | 0 | |a produkt domáci hrubý |
| 610 | 2 | 0 | |a Európska únia |
| 100 | 1 | |a Petkovski, Mihail | |
| 700 | 1 | |a Stojkov, Aleksandar | |
| 700 | 1 | |a Kjosevski, Jordan | |